| 000 | 00397nam a2200157Ia 4500 | ||
|---|---|---|---|
| 003 | GCL | ||
| 008 | 140319s9999 xx 000 0 eng d | ||
| 040 |
_aGCL / _cGCL |
||
| 082 | 0 | 4 |
_a928 _bP J |
| 100 | 1 | _aPERNOUD, REGINE | |
| 245 | 1 | 0 |
_aJEANNE D' ART: PAR ELLE - MEME ET PAR SES TEMOINS / _cPERNOUD, REGINE |
| 300 | _a329 P | ||
| 650 | 0 | 4 | _aBIOGRAPHY |
| 650 | 0 | 4 | _aD'ARC, JEANNE |
| 942 |
_2ddc _cBK |
||
| 999 |
_c15473 _d15473 |
||